| 000 | 00445nam a2200133Ia 4500 | ||
|---|---|---|---|
| 008 | 220214s9999 xx 000 0 und d | ||
| 245 | 0 | _aJOURNAL OF THE INDIAN SOCIETY OF AGRICULTURAL STATISTICS | |
| 260 |
_bIndian Society of Agricultural Statistics, New Delhi _aIndia |
||
| 310 | _aHY | ||
| 500 | _aEnding Volume & Year: 53, 2000 | ||
| 500 | _aMissing Volume: 29(1,3);41-50check;51 | ||
| 500 | _aStarting Volume & Year: 13, 1961 | ||
| 942 | _cBJ | ||
| 999 |
_c16391 _d16391 |
||